| 000 | 01199 a2200289 4500 | ||
|---|---|---|---|
| 003 | OSt | ||
| 005 | 20180116192340.0 | ||
| 008 | 110817t xxu||||| |||| 00| 0 eng d | ||
| 010 | _a 00708455 | ||
| 020 | _a1888777176 (deluxe) | ||
| 020 | _a1888777273 (hardcover) | ||
| 020 | _a1888777354 (pbk.) | ||
| 035 | _a(OCoLC)ocm37462423 | ||
| 040 | _c0 | ||
| 082 | 0 | 0 | _a082 |
| 245 | 0 | 4 |
_aThe new international Webster's pocket quotation dictionary of the English language. _nFive volume set . |
| 246 | 3 | 0 | _aWebster's pocket quotation dictionary of the English language |
| 246 | 3 | 0 | _aQuotation dictionary of the English language |
| 250 | _aNew rev. ed. | ||
| 260 |
_a[Naples, Fla.] : _bTrident Press International, _c1998. |
||
| 300 |
_a. ; _c17 cm. |
||
| 500 | _aFive volumes Set: vol1.Websters pocket Thesaurus vol2.Websters pocket Quotation Dictionary vol3. Websters pocket Computer Dictionary vol4. Websters pocket Spelling Dictionary vol5.Websters pocket Dictionary | ||
| 650 | 0 |
_aQuotations, English. _966 |
|
| 710 | 2 |
_aTrident Press International. _967 |
|
| 942 |
_aSADA _cREF _k082 NEW 1998 _2ddc |
||
| 999 |
_c352643 _d352643 |
||